000 00752nam a2200277Ia 4500
003 OSt
005 20220912150734.0
006 a|||||r|||| 00| 0
007 ta
008 220909b |||||||| |||| 00| 0 eng d
024 _a33909
037 _cTextual
040 _aCSL
_beng
_cCSL
041 _aeng
082 _aY:(X:275).1Th.1, L9
100 _aTaylor John G
245 0 _aFrom modernization to modes of production
260 _aLondon
_bMacmillan Press
_c1979
300 _axii,336p.
_ccm.
650 _a Economic development
650 _a Economic sociology
650 _a Underdeveloped areas
650 _aSociology
942 _hY:(X:275).1Th.1, L9
_cTEXL
_2CC
999 _c53745
_d53745